Normal view
MARC view
- Precast concrete.
Entry Topical Term
001 - CONTROL NUMBER
- control field: 25659
003 - CONTROL NUMBER IDENTIFIER
- control field: NUST
005 - DATE AND TIME OF LATEST TRANSACTION
- control field: 20191115115640.0
008 - FIXED-LENGTH DATA ELEMENTS
- fixed length control field: 191115|| aca||aabn | a|a d
040 ## - CATALOGING SOURCE
- Original cataloging agency: NUST
- Transcribing agency: NUST
150 ## - HEADING--TOPICAL TERM
- Topical term or geographic name entry element: Precast concrete.
670 ## - SOURCE DATA FOUND
- Source citation: Work cat.: (NUST): Tretʹi︠a︡kov, Anatoliĭ Konstantinovich. 25657, Concrete and concreting,, 1968.
